[Event "Biel op"]
[Site "Biel"]
[Date "1992.??.??"]
[Round "8"]
[White "Fioramonti, Hung"]
[Black "Hort, Vlastimil"]
[Result "1/2-1/2"]
[WhiteElo "2330"]
[BlackElo "2560"]

1.Nf3 d5 2.c4 d4 3.g3 Nc6 4.Bg2 e5 5.O-O Nf6 6.d3 a5 7.e3 dxe3 8.Bxe3 Be7
9.d4 exd4 10.Nxd4 Nxd4 11.Qxd4 O-O 12.Nc3 a4 13.Rad1 c6 14.Qe5 Nd7 15.Qh5 Qa5
16.Qxa5 Rxa5 17.Ne4 Ne5 18.b3 axb3 19.axb3 Bg4 20.Ra1 Rfa8 21.Rxa5 Rxa5 22.h3 Bf5
23.Bd4 f6 24.g4 Bxe4 25.Bxe4 Ra3 26.Rb1 g6 27.Kg2 Kf7 28.Bc2 Ra2  1/2-1/2

[Event "Biel op"]
[Site "Biel"]
[Date "1992.??.??"]
[Round "8"]
[White "Bauert, Ralph"]
[Black "Kaenel, Hansjuerg"]
[Result "1-0"]
[WhiteElo "2280"]
[BlackElo "2350"]

1.Nf3 d5 2.c4 e6 3.b3 Nf6 4.g3 Be7 5.Bg2 O-O 6.O-O c5 7.Bb2 Nc6 8.e3 b6 9.Qe2 Bb7
10.Rd1 Qc7 11.Nc3 dxc4 12.bxc4 Rad8 13.d3 Rd7 14.Rd2 Rfd8 15.Rad1 Qb8 16.Ne1 Nb4
17.Bxb7 Qxb7 18.f4 Ne8 19.g4 h6 20.a3 Nc6 21.Nf3 Nd6 22.h4 a6 23.a4 Bf8 24.Ne5 Nxe5
25.fxe5 Nc8 26.g5 hxg5 27.hxg5 Ne7 28.Ne4 Ng6 29.Bc3 b5 30.Ba5 Nxe5 31.Bxd8 Rxd8
32.axb5 axb5 33.cxb5 Qxb5 34.Rf1 Rxd3 35.g6 fxg6 36.Rb2 Qc6 37.Rb8 Nd7 38.Rfxf8+ Nxf8
39.Qxd3 c4 40.Qd8  1-0

[Event "Bogota Lat Cup"]
[Site "Bogota"]
[Date "1992.??.??"]
[Round "9"]
[White "Rodriguez, Amador"]
[Black "Barrios, Felix"]
[Result "1/2-1/2"]
[WhiteElo "2490"]
[BlackElo "2220"]

1.Nf3 d5 2.c4 c6 3.d4 Nf6 4.Nc3 g6 5.e3 Bg7 6.Bd3 O-O 7.O-O Bg4 8.h3 Bxf3
9.Qxf3 e6 10.Rd1 Nbd7 11.b3 Re8 12.Bb2 a6 13.e4 e5 14.exd5 exd4 15.Ne4 Ne5
16.Nxf6+ Bxf6 17.Qf4 Nxd3 18.Rxd3 Be5 19.Qf3 c5 20.Rdd1 b5 21.Qd3 Qd7 22.Re1 Rab8
23.Ba3 b4 24.Bb2 a5 25.Re4 a4 26.Rae1 Bd6 27.Bc1 Rxe4 28.Qxe4 Kg7 29.g4 axb3
30.axb3 h5 31.Bg5 hxg4 32.hxg4 Re8 33.Qxe8 Qxg4+ 34.Kf1 Qxg5 35.Qe4 Qh5 36.Qd3 Bf4
37.f3  1/2-1/2

[Event "Bratislava op"]
[Site "Bratislava"]
[Date "1992.??.??"]
[Round "8"]
[White "Novik, Maxim"]
[Black "Berezjuk, Sergej"]
[Result "1-0"]
[WhiteElo "2430"]
[BlackElo "2415"]

1.Nf3 d5 2.c4 c6 3.d4 Nf6 4.Nc3 a6 5.e3 Bg4 6.Qb3 Ra7 7.Ne5 Bf5 8.f3 g6 9.cxd5 cxd5
10.e4 Be6 11.Bg5 Bg7 12.exd5 Nxd5 13.Bc4 Bxe5 14.Bxd5 Bxd5 15.Nxd5 Bd6 16.O-O O-O
17.Rfe1 Nc6 18.Rad1 b5 19.Ne3 Qb8 20.Nf1 Rc8 21.d5 Na5 22.Qd3 Nc4 23.Re2 Rac7
24.b3 Nb6 25.Qe4 Rd7 26.Kh1 Qb7 27.Bh6 Rdd8 28.Ne3 Nd7 29.Ng4 Qb6 30.Be3 Qc7
31.Bd4 f6 32.Qe6+ Kg7 33.Qe3 Rf8 34.Rde1 Rf7 35.Rd1 Bf4 36.Qe6 Bd6 37.Nf2 Nf8
38.Qh3 Kh8 39.Ne4 Kg8 40.Nxd6 exd6 41.Bb2 Qd8 42.Qg3 a5 43.Qf4 Rc5 44.h4 Kg7
45.Bd4 Rc8 46.Rde1 Qd7 47.Re7 Qf5 48.Qxd6 g5 49.hxg5 Qxg5 50.Rxf7+ Kxf7 51.Qe7+ Kg6
52.Qe4+ Kf7 53.d6 Rd8 54.Qe7+ Kg6 55.Re4 Rc8 56.d7 Qc1+ 57.Re1  1-0

[Event "Brno"]
[Site "Brno"]
[Date "1992.??.??"]
[Round "7"]
[White "Bischoff, Klaus"]
[Black "Hracek, Zbynek"]
[Result "1-0"]
[WhiteElo "2510"]
[BlackElo "2480"]

1.Nf3 d5 2.c4 d4 3.g3 Nc6 4.d3 e5 5.Bg2 Nf6 6.O-O a5 7.Na3 Be7 8.Nc2 O-O
9.b3 Re8 10.Bg5 h6 11.Bxf6 Bxf6 12.a3 Bf5 13.Nd2 Qd7 14.b4 Bh3 15.Bxh3 Qxh3
16.b5 Nd8 17.Ne4 Be7 18.e3 Ne6 19.exd4 exd4 20.a4 h5 21.f4 Nc5 22.Nxc5 Bxc5
23.Qf3 h4 24.Rae1 hxg3 25.hxg3 Bb4 26.Re5 Rxe5 27.fxe5 Rf8 28.Rf2 Qe6 29.Re2 c6
30.Kg2 Bc5 31.Qe4 Rd8 32.Ne1 cxb5 33.cxb5 Qd5 34.Nf3 Qxe4 35.Rxe4 b6 36.Nd2 Kf8
37.Rg4 g6 38.Kf3 Ke7 39.Ke4 Ke6 40.Rf4 Be7 41.Nc4 Rh8 42.Nxb6 Rh1 43.Kxd4 Ra1
44.Kc4 Rc1+ 45.Kb3 Bb4 46.d4 Be7 47.Nc4 Bb4 48.b6 Rc3+ 49.Ka2 Rc2+ 50.Kb3 Rc3+
51.Ka2 Rc2+ 52.Kb1 Rh2 53.b7 Rh8 54.Rf6+ Kd5 55.Nb6+ Kxd4 56.Nc8 Rh1+ 57.Kc2 Rh2+
58.Kb3  1-0

[Event "Spring op"]
[Site "Budapest"]
[Date "1992.??.??"]
[Round "?"]
[White "Makarov, Marat"]
[Black "Schiffer, Kai Uwe"]
[Result "1-0"]
[WhiteElo "2480"]
[BlackElo "2280"]

1.Nf3 d5 2.c4 e6 3.g3 Nf6 4.Bg2 Be7 5.O-O O-O 6.b3 c5 7.Bb2 Nc6 8.cxd5 Nxd5
9.Nc3 Nxc3 10.Bxc3 Qc7 11.Qc2 Rd8 12.e3 b6 13.b4 cxb4 14.Be5 Bd6 15.Bxd6 Rxd6
16.Ng5 f5 17.d4 h6 18.Nf3 Bb7 19.Ne5 Rc8 20.Rac1 Qd8 21.Qb3 a5 22.Nc4 Rd7
23.Nxb6 Qxb6 24.Qxe6+ Rf7 25.Rxc6 Rxc6 26.Qe8+ Rf8 27.Bd5+ Kh7 28.Qxf8 Rf6
29.Qg8+ Kg6 30.Qe8+ Kg5 31.f3 h5 32.Qe7  1-0

[Event "Donau Cup op"]
[Site "Budapest"]
[Date "1992.??.??"]
[Round "11"]
[White "Hardicsay, Peter"]
[Black "Zsinka, Laszlo"]
[Result "1-0"]
[WhiteElo "2355"]
[BlackElo "2355"]

1.Nf3 d5 2.c4 d4 3.g3 c5 4.Bg2 Nc6 5.O-O e5 6.d3 f6 7.e3 Be6 8.exd4 cxd4
9.b3 Bd6 10.Ba3 Nge7 11.Bxd6 Qxd6 12.a3 a5 13.Nbd2 O-O 14.Qc2 Rac8 15.Ne4 Qc7
16.Qb2 b6 17.b4 f5 18.Ned2 h6 19.Rfe1 Ng6 20.b5 Nd8 21.h4 f4 22.h5 Ne7 23.Nxe5 fxg3
24.fxg3 Nf5 25.g4 Ne3 26.Qxd4 Nc2 27.Qe4 Qc5+ 28.d4 Nxd4 29.Kh1 a4 30.Rf1 Nf7
31.Nxf7 Bxf7 32.Rad1 Rce8 33.Qd3 Ne6 34.Ne4 Qe5 35.Nd6 Nf4 36.Qg3 Nxg2 37.Qxe5 Rxe5
38.Nxf7 Rxf7 39.Rd8+ Kh7 40.Rxf7 Ne3 41.Rff8  1-0

[Event "Buenos Aires"]
[Site "Buenos Aires"]
[Date "1992.??.??"]
[Round "?"]
[White "Szmetan, Jorge"]
[Black "Rubinetti, Jorge A"]
[Result "0-1"]
[WhiteElo "2400"]
[BlackElo "2450"]

1.Nf3 d5 2.c4 e6 3.d4 c6 4.e3 f5 5.Nc3 Nf6 6.Bd3 Bd6 7.h3 a6 8.g4 b5 9.cxd5 cxd5
10.gxf5 exf5 11.Ne5 O-O 12.Qb3 Kh8 13.Bd2 Nbd7 14.f4 Nb6 15.a4 b4 16.Ne2 a5
17.O-O Ne4 18.Qd1 Qh4 19.Rf3 Qh5 20.Kg2 Rf6 21.b3 Bxe5 22.dxe5 Rg6+ 23.Ng3 Be6
24.Be1 d4 25.exd4 Nxg3 26.Bxg3 Bd5 27.Be2 Bxf3+ 28.Bxf3 Qh4 29.Qe1 Rc8 30.Kh2 Rc2+
31.Bg2 Qd8 32.Kh1 h6 33.d5 Nxd5 34.e6 Rxg2 35.e7 Nxe7 36.Kxg2 Qd5+ 37.Kh2 Re6
38.Qd1 Qxd1 39.Rxd1 Re2+ 40.Kg1 Re3 41.Bf2 Rxb3 42.Rd6 Rc3 43.Bd4 Rc1+ 44.Kf2 Nc6
45.Bb2 Rc2+ 46.Kg3 Rxb2 47.Rxc6 Ra2 48.Kh4 Kh7 49.Kh5 Rh2 50.Kh4 b3 51.Rb6 b2
52.Kg3 Rc2 53.Kh4 Rc4  0-1

[Event "GEBA"]
[Site "Buenos Aires"]
[Date "1992.??.??"]
[Round "2"]
[White "Lida Garcia, Fernando"]
[Black "Justo, Damian"]
[Result "0-1"]
[WhiteElo "2270"]
[BlackElo "2265"]

1.Nf3 d5 2.c4 e6 3.g3 Nf6 4.Bg2 Be7 5.O-O O-O 6.b3 b6 7.cxd5 exd5 8.Bb2 Bb7
9.d4 Nbd7 10.Nc3 c5 11.Qc2 Rc8 12.Rfd1 Qc7 13.Rac1 Rfd8 14.Bh3 a6 15.Qd3 c4
16.Qe3 Re8 17.Ne5 b5 18.Qf4 Rf8 19.Nxd7 Nxd7 20.Qxc7 Rxc7 21.e4 b4 22.Nxd5 Bxd5
23.exd5 c3 24.Rc2 a5 25.Bc1 Bd6 26.Re1 Nb6 27.Bg2 Rd8 28.Rce2 Kf8 29.Bg5 Rdc8
30.Be4 h6 31.Be3 Ra7 32.Kg2 Re8 33.Bc1 a4 34.g4 axb3 35.axb3 Ra1 36.h4 Nxd5
37.Kf3 Nf6 38.g5 hxg5 39.Bxg5 Rxe1 40.Rxe1 Nxe4 41.Rxe4 f5 42.Rxe8+ Kxe8
43.h5 Kd7 44.h6 gxh6 45.Bxh6 Ke6 46.Ke2 Kf6 47.Bc1 f4 48.f3 Ke6 49.d5+ Kxd5
50.Ke1 Kd4 51.Ke2 Be5 52.Ke1 Kd3 53.Kd1 Bd6  0-1

[Event "Buenos Aires Najdorf qual"]
[Site "Buenos Aires"]
[Date "1992.??.??"]
[Round "3"]
[White "Szmetan, Jorge"]
[Black "Dotta, Juan Carlos"]
[Result "1-0"]
[WhiteElo "2400"]
[BlackElo "2280"]

1.Nf3 d5 2.c4 c6 3.d4 Bf5 4.Nc3 e6 5.Qb3 Qe7 6.a3 Nf6 7.Bf4 dxc4 8.Qxc4 Nbd7
9.h3 Ne4 10.e3 g5 11.Bh2 Bg7 12.Qb3 Ndf6 13.Ne5 O-O 14.g4 Bg6 15.Bg2 Nd6
16.O-O Nd5 17.Rfc1 Rfd8 18.Na4 Rac8 19.Nc5 b6 20.Nxg6 hxg6 21.Nd3 Nb7 22.Be5 c5
23.Bxg7 Kxg7 24.Qa4 cxd4 25.Rxc8 Rxc8 26.Qxd4+ Qf6 27.Qxf6+ Kxf6 28.e4 Nf4
29.e5+ Ke7 30.Nxf4 gxf4 31.Bxb7 Rc2 32.b4 Re2 33.Rc1 Rxe5 34.Rc7+ Kf6 35.Ba6 Rd5
36.Bf1 a5 37.bxa5 bxa5 38.Ra7 Re5 39.a4 Rc5 40.Bb5 f3 41.Kh2 e5 42.Rxa5 Kg5
43.Kg3 e4 44.h4+ Kf6 45.Kf4  1-0

[Event "Buenos Aires Najdorf qual"]
[Site "Buenos Aires"]
[Date "1992.??.??"]
[Round "5"]
[White "Szmetan, Jorge"]
[Black "Cranbourne, Carlos"]
[Result "1-0"]
[WhiteElo "2400"]
[BlackElo "2285"]

1.Nf3 d5 2.c4 e6 3.g3 Nf6 4.Bg2 Be7 5.O-O O-O 6.b3 c5 7.e3 Nc6 8.Bb2 Bd7
9.Qe2 Qa5 10.Nc3 Rad8 11.Rfd1 Rfe8 12.d3 Bc8 13.Na4 dxc4 14.dxc4 Rxd1+ 15.Rxd1 Rd8
16.Rxd8+ Qxd8 17.e4 Nd7 18.e5 Qc7 19.Bc3 Bf8 20.Nb2 g6 21.Nd3 Bg7 22.h4 h6
23.Qe4 b6 24.h5 gxh5 25.Qh4 Bb7 26.Qxh5 Ne7 27.Nd2 Bxg2 28.Kxg2 Ng6 29.f4 Qc6+
30.Qf3 Qxf3+ 31.Kxf3 Ne7 32.g4 f6 33.exf6 Bxf6 34.Bxf6 Nxf6 35.Ne5 Nc8 36.Nc6 Kf7
37.g5 hxg5 38.fxg5 Nd7 39.Kf4 Nf8 40.Ne5+ Kg7 41.Ne4 Ne7 42.Nd6 Nfg6+ 43.Nxg6 Kxg6
44.Ke5 Nc6+ 45.Kxe6 Kxg5 46.Nb5 Kf4 47.Kd6 Nb4 48.a4 Ke3 49.Nxa7 Kd3 50.Nc6 Kc3
51.Nxb4 cxb4 52.a5 bxa5 53.c5 a4 54.c6 axb3 55.c7 b2 56.c8=Q+ Kd2 57.Qf5 Kc1
58.Qc5+ Kd2 59.Qxb4+ Kc2 60.Qc4+ Kd2 61.Qb3 Kc1 62.Qc3+ Kb1 63.Kc5 Ka2 64.Qc2 Ka3
65.Qb1 Kb3  1-0

[Event "Traffic op"]
[Site "Buenos Aires"]
[Date "1992.??.??"]
[Round "6"]
[White "Szmetan, Jorge"]
[Black "Giardelli, Sergio C"]
[Result "1/2-1/2"]
[WhiteElo "2400"]
[BlackElo "2430"]

1.Nf3 d5 2.c4 e6 3.d4 Be7 4.Nc3 Nf6 5.cxd5 exd5 6.Bg5 h6 7.Bxf6 Bxf6 8.e3 O-O
9.Qc2 c6 10.Bd3 Qe7 11.h3 Rd8 12.O-O Be6 13.Rab1 c5 14.dxc5 Nc6 15.b4 a5
16.a3 axb4 17.axb4 d4 18.exd4 Nxd4 19.Nxd4 Bxd4 20.Rbd1 Qh4 21.Ne2 Ra2 22.Qb1 Ra1
23.Qc2 Rxd1 24.Qxd1 Bf5 25.Nc1 Bxh3 26.Qf3 Bg4 27.Qxb7 Be5 28.g3 Qh5 29.Be4 Be6
30.Bf3 Qg5 31.Ne2 Rd2 32.Qa8+ Kh7 33.b5 g6 34.b6 Bc4 35.Qe4 Bxe2 36.Bxe2 Bd4
37.Qf3 Rxe2 38.b7 Rb2 39.Qxf7+ Bg7 40.Qc7 h5 41.b8=Q Rxb8 42.Qxb8 Qxc5 43.Rb1 Qf5
44.Qb7 Qg4 45.Rb4 Qe6 46.Qe4 Qf6 47.Kg2 Qd6 48.Rb5 Kh6 49.Rd5 Qf6 50.Rd1 Qf7
51.Rd6 Kh7 52.Kh2  1/2-1/2

[Event "Buenos Aires Najdorf qual"]
[Site "Buenos Aires"]
[Date "1992.??.??"]
[Round "9"]
[White "Altamirano, Benjamin"]
[Black "Cranbourne, Carlos"]
[Result "1/2-1/2"]
[WhiteElo "2225"]
[BlackElo "2285"]

1.Nf3 d5 2.c4 e6 3.g3 Nf6 4.Bg2 Be7 5.O-O O-O 6.b3 c5 7.e3 Nc6 8.Bb2 Qa5
9.Qe2 Bd7 10.Nc3 Rad8 11.d4 Rfe8 12.Rfd1 Bc8 13.dxc5 Qxc5 14.cxd5 exd5 15.Rac1 Qb4
16.Nb5 Qa5 17.Ne5 Qb6 18.Bd4 Nxd4 19.exd4 Bd6 20.Nxd6 Qxd6 21.Qc2 Ng4 22.Nxg4 Bxg4
23.Re1 g6 24.h3 Bd7 25.Qd2 Rxe1+ 26.Rxe1 b6 27.Qg5 Be6 28.Rc1 Kg7 29.Qd2 Rc8
30.Rxc8 Bxc8 31.f4 h5 32.h4 Bf5 33.Qe3 f6 34.Qe8 Be6 35.Kh2 Bf7 36.Qa4 a5
37.a3 Be6 38.b4 axb4 39.Qxb4 Qxb4 40.axb4 b5 41.Kg1 f5 42.Kf2 Kf6  1/2-1/2

[Event "Buenos Aires Najdorf qual"]
[Site "Buenos Aires"]
[Date "1992.??.??"]
[Round "10"]
[White "Szmetan, Jorge"]
[Black "Soppe, Guillermo"]
[Result "1-0"]
[WhiteElo "2400"]
[BlackElo "2440"]

1.Nf3 d5 2.c4 e6 3.b3 Nf6 4.g3 Be7 5.Bg2 O-O 6.O-O c5 7.e3 Nc6 8.Qe2 Qa5
9.Bb2 dxc4 10.bxc4 Rd8 11.Nc3 Bd7 12.Rfd1 Be8 13.Rab1 a6 14.Ba1 Rab8 15.d4 cxd4
16.exd4 Bb4 17.Qc2 Be7 18.h4 Nb4 19.Qe2 Bf8 20.Ne5 Nc6 21.Nxc6 Bxc6 22.d5 exd5
23.Nxd5 Nxd5 24.cxd5 Bb5 25.Qh5 Bd7 26.Be5 Qxa2 27.Bxb8 Rxb8 28.d6 g6 29.Qg5 Re8
30.Qf4 Qa4 31.Rd4 Qc2 32.Rxb7 Bc6 33.Qxf7+  1-0

[Event "Calimanesti (Women)"]
[Site "Calimanesti"]
[Date "1992.??.??"]
[Round "?"]
[White "Voronova, Tatiana"]
[Black "Koen, Maja"]
[Result "1/2-1/2"]
[WhiteElo "2210"]
[BlackElo "2225"]

1.Nf3 d5 2.c4 e6 3.g3 g6 4.Bg2 Bg7 5.O-O Ne7 6.d4 Nbc6 7.Bg5 h6 8.Bxe7 Nxe7
9.Nc3 O-O 10.e3 c6 11.cxd5 exd5 12.Qd2 Re8 13.Rfc1 Nf5 14.Re1 Nd6 15.b3 Bf5
16.Nh4 Be6 17.Nf3 Qa5 18.Na4 Qxd2 19.Nxd2 b6 20.Rac1 Bd7 21.Bf1 Re7 22.Bd3 Rae8
23.Red1 h5 24.Rc2 Bf6 25.Rdc1 Kg7 26.Nc3 h4 27.Ne2 g5 28.Kg2 Rh8 29.Ng1 Ree8
30.Nf1  1/2-1/2

[Event "Canada zt"]
[Site "Canada"]
[Date "1992.??.??"]
[Round "1"]
[White "Horton, Joe"]
[Black "O'Donnell, Tom"]
[Result "0-1"]
[WhiteElo "2305"]
[BlackElo "2395"]

1.Nf3 d5 2.c4 e6 3.b3 Nf6 4.Bb2 Be7 5.g3 O-O 6.Bg2 b6 7.O-O Bb7 8.d3 c5 9.e3 Nbd7
10.Nc3 Qc7 11.Rc1 Rac8 12.Qe2 Qb8 13.cxd5 Nxd5 14.Nxd5 Bxd5 15.d4 Qb7 16.dxc5 Nxc5
17.Ne1 Rfd8 18.Qg4 Bf8 19.Bxd5 Qxd5 20.Ng2 Qd2 21.Bd4 Qxa2 22.Nf4 Qxb3 23.Nh5 f5
24.Nf6+ Kh8 25.Qh5 gxf6 26.Bxf6+ Bg7 27.Bxg7+ Kxg7 28.Qg5+ Kf7 29.Qh5+ Kg7
30.Qg5+ Kf7 31.Qh5+ Kg7 32.Qg5+ Kf7 33.Qh5+ Ke7 34.Qxh7+ Kd6 35.Rb1 Qc3 36.Qxa7 Nd7
37.Rfd1+ Ke7 38.Qa4 Qc6 39.Qb4+ Qc5 40.Qb2 Qc3 41.Qb5 Rc5 42.Qa6 Rdc8 43.Qe2 R8c6
44.Qh5 Qg7 45.Qh4+ Nf6 46.Ra1 Rc7 47.Qd4 Rd7 48.Qb2 Rxd1+ 49.Rxd1 Qg4 50.Ra1 Ra5
51.Rc1 Nd7 52.Rc7 Qd1+ 53.Kg2 Qd5+ 54.Kh3 Ra2 55.Qxb6 Rxf2 56.e4 Qd2 57.exf5 Qh6+  0-1

[Event "Cannes Martinez op"]
[Site "Cannes"]
[Date "1992.??.??"]
[Round "?"]
[White "Anselmo, Aldo"]
[Black "Boudre, Jean Pierre"]
[Result "1/2-1/2"]
[WhiteElo "2240"]
[BlackElo "2405"]

1.Nf3 d5 2.c4 c6 3.b3 Bg4 4.e3 Nd7 5.Be2 e6 6.O-O Bd6 7.Bb2 Ngf6 8.d4 Bxf3
9.Bxf3 h5 10.g3 h4 11.cxd5 exd5 12.Ba3 Bxa3 13.Nxa3 Qe7 14.Nc2 hxg3 15.fxg3 Ne4
16.Bxe4 Qxe4 17.b4 Nf6 18.Rf4 Qe6 19.Qe2 g5 20.Rf2 Ne4 21.Rg2 g4 22.Rf1 a5
23.bxa5 Rxa5 24.Ne1 Ng5 25.Qd3 Rh5 26.Rb2 b5 27.Ng2 Rh6 28.Nh4 Rf6 29.Rxf6 Qxf6
30.Kg2 Ne4 31.Qe2 Qe6 32.Rc2 Ra3 33.Qf1 Nxg3 34.Qf4 Qe4+ 35.Kxg3 Rxe3+ 36.Kxg4 Qe6+
37.Kh5 Re4 38.Qb8+ Kd7 39.Qb7+ Kd8 40.Qb8+ Kd7 41.Qb7+ Kd8 42.Qb8+  1/2-1/2

[Event "JUG-chT"]
[Site "Cetinje"]
[Date "1992.??.??"]
[Round "?"]
[White "Nikcevic, Nebojsa"]
[Black "Todorovic, Goran M"]
[Result "1-0"]
[WhiteElo "2350"]
[BlackElo "2455"]

1.Nf3 d5 2.c4 d4 3.b4 Bg4 4.Qb3 f6 5.e3 dxe3 6.dxe3 e5 7.c5 Nc6 8.Nc3 a5
9.Bc4 Nh6 10.b5 a4 11.Qc2 Na5 12.Bd3 Bxc5 13.O-O Qd7 14.Nxa4 Bd6 15.Rd1 Bxf3
16.gxf3 Qh3 17.Bf1 Qxf3 18.b6 Qc6 19.Qxc6+ Nxc6 20.bxc7 Bxc7 21.Nc5 Nd8 22.Bb5+ Kf8
23.a4 b6 24.Na6  1-0

[Event "JUG-chT"]
[Site "Cetinje"]
[Date "1992.??.??"]
[Round "?"]
[White "Umanskaya, Irina"]
[Black "Stepovaia Dianchenko, Tatiana"]
[Result "1-0"]
[WhiteElo "2340"]
[BlackElo "2350"]

1.Nf3 d5 2.c4 c6 3.cxd5 cxd5 4.d4 Nf6 5.Nc3 Nc6 6.Bf4 a6 7.e3 e6 8.Bd3 Be7
9.O-O O-O 10.Rc1 Bd7 11.Ne5 Rc8 12.Nxd7 Nxd7 13.Bb1 b5 14.e4 b4 15.exd5 bxc3
16.dxc6 cxb2 17.Qc2 Nf6 18.Qxb2 Qd5 19.Qc3 a5 20.Be5 g6 21.c7 Ne8 22.Qc6 f6
23.Bg3 Ba3 24.Qxd5 exd5 25.Rc6 Rf7 26.Bd3 Rfxc7 27.Bxc7 Nxc7 28.Rb1 Bb4 29.a3 Bxa3
30.Rb8 Bf8 31.Rxc8  1-0

[Event "JUG-chT"]
[Site "Cetinje"]
[Date "1992.??.??"]
[Round "?"]
[White "Nikcevic, Nebojsa"]
[Black "Miranovic, Rajko"]
[Result "1-0"]
[WhiteElo "2350"]
[BlackElo "2380"]

1.Nf3 d5 2.c4 e6 3.g3 Nf6 4.Bg2 dxc4 5.Na3 c5 6.O-O Nc6 7.Nxc4 Be7 8.b3 O-O
9.Bb2 Bd7 10.d4 cxd4 11.Nxd4 Rc8 12.Nb5 a6 13.Nbd6 Rb8 14.Rc1 Nd5 15.e4 Nb6
16.Nxb6 Qxb6 17.Nf5 exf5 18.Qxd7 Bg5 19.Rc4 fxe4 20.Bxe4 Ne7 21.Be5 Rbe8
22.Qxb7 Qe6 23.Bc3 f5 24.Bg2 f4 25.Re1 Qf7 26.Rc7 fxg3 27.fxg3 Qf2+ 28.Kh1 Bf6
29.Rf1 Qxa2 30.Bxf6 Rxf6 31.Rxe7  1-0

[Event "CSR-chT"]
[Site "CSR"]
[Date "1992.??.??"]
[Round "?"]
[White "Pastircak, Milan"]
[Black "Prandstetter, Eduard"]
[Result "1/2-1/2"]
[WhiteElo "2385"]
[BlackElo "2410"]

1.Nf3 d5 2.c4 e6 3.b3 Nf6 4.g3 Be7 5.Bg2 O-O 6.O-O Nbd7 7.Bb2 c6 8.Nc3 b6
9.Qc2 Bb7 10.d4 Qc7 11.e4 dxe4 12.Nxe4 Nxe4 13.Qxe4 c5 14.Qe2 cxd4 15.Nxd4 Bxg2
16.Kxg2 Qb7+ 17.Qf3 Qxf3+ 18.Kxf3 Bf6 19.Ke2 Rfe8 20.Rfd1 Nc5 21.Rd2 Rad8
22.Rad1 Ne4 23.Rc2 Nxf2 24.Kxf2 e5 25.Rcd2 exd4 26.Bxd4 Rd6 27.Bxf6 Rxf6+
28.Kg2  1/2-1/2

[Event "CSR-chT"]
[Site "CSR"]
[Date "1992.??.??"]
[Round "?"]
[White "Tichy, Vladimir"]
[Black "Michenka, Jozef"]
[Result "1-0"]
[WhiteElo "2395"]
[BlackElo "2395"]

1.Nf3 d5 2.c4 e6 3.d4 Nf6 4.Bg5 Be7 5.e3 O-O 6.Nc3 Nbd7 7.Qc2 h6 8.Bh4 c5
9.cxd5 Nxd5 10.Bxe7 Qxe7 11.Nxd5 exd5 12.dxc5 Nxc5 13.Be2 Bg4 14.Nd4 Bxe2
15.Qxe2 Ne6 16.Qd2 Nxd4 17.Qxd4 Qe4 18.Qxe4  1-0

[Event "Dortmund op-A"]
[Site "Dortmund"]
[Date "1992.??.??"]
[Round "1"]
[White "Skembris, Spyridon"]
[Black "Kern, Guido"]
[Result "1-0"]
[WhiteElo "2530"]
[BlackElo "2280"]

1.Nf3 d5 2.c4 e6 3.d4 c5 4.cxd5 exd5 5.g3 Nc6 6.Bg2 c4 7.O-O Bb4 8.b3 cxb3
9.Qxb3 Nge7 10.Ba3 Bxa3 11.Nxa3 O-O 12.e3 Rb8 13.Rfc1 Bf5 14.Ne5 Na5 15.Qd1 f6
16.Nd3 b6 17.Nb5 Qd7 18.Nc3 Bg4 19.Qe1 Be6 20.Nf4 Rbc8 21.Nxe6 Qxe6 22.Ne2 Nc4
23.Nf4 Qd6 24.Qe2 b5 25.h4 Rc7 26.a4 a6 27.axb5 axb5 28.Rcb1 Rb8 29.Qh5 g6
30.Qg4 Kf7 31.Nd3 Nd2 32.Rb2 f5 33.Qe2 Nc4 34.Rb3 Rb6 35.Qe1 Kf6 36.Nb4 Qe6
37.Ra8 Kg7 38.Rb1 Nd6 39.Na6 Rc2 40.Nc5 Qf7 41.Qd1 Rc3 42.Na4 Rbc6 43.Nxc3 Rxc3
44.Rc1 Rc4 45.Bf1 f4 46.exf4 Qf6 47.Bxc4 dxc4 48.Qe1 Nef5 49.Qe5 Nxd4 50.Rg8+  1-0

[Event "Dortmund op-A"]
[Site "Dortmund"]
[Date "1992.??.??"]
[Round "2"]
[White "Andersen, D."]
[Black "Niehaus, Stephan"]
[Result "1-0"]
[WhiteElo "2300"]
[BlackElo "2205"]

1.Nf3 d5 2.c4 c6 3.d4 Nf6 4.Nc3 dxc4 5.Ne5 b5 6.g3 b4 7.Na4 Qd5 8.f3 Nbd7
9.e4 Qa5 10.Nxc4 Qh5 11.Bf4 Bb7 12.h4 Qg6 13.Nc5  1-0

[Event "Dortmund op-A"]
[Site "Dortmund"]
[Date "1992.??.??"]
[Round "3"]
[White "Skembris, Spyridon"]
[Black "Kaeser, Udo"]
[Result "1/2-1/2"]
[WhiteElo "2530"]
[BlackElo "2280"]

1.Nf3 d5 2.c4 e6 3.d4 c6 4.Qc2 f5 5.g3 Bd6 6.Bg2 Nf6 7.O-O O-O 8.b3 Qe7 9.Bb2 b6
10.Nbd2 Bb7 11.Ne5 a5 12.Nd3 Na6 13.Rac1 Nb4 14.Qb1 Ne4 15.Nf3 c5 16.a3 Nc6
17.cxd5 Nxd4 18.Bxd4 cxd4 19.dxe6 Bxa3 20.Rc4 Bd5 21.Rxd4 Bxe6 22.Nf4 Bc5
23.Nxe6 Qxe6 24.Rd3 Rad8 25.e3 Qf6 26.Qc2 Rxd3 27.Qxd3 Rd8 28.Qc4+ Kh8 29.h4 Qc3
30.Qe6 Qf6 31.Qc4 Qc3 32.Qe6 Qf6 33.Qxf6 Nxf6 34.Ng5 Rd3 35.Rb1 g6 36.Bf3 Rd2
37.Ne6 Ba3 38.Ra1 Bb2 39.Ra4 Rc2 40.Ra2 Rc1+ 41.Kg2 Bc3 42.Be2 Rb1 43.Bc4 b5
44.Bxb5  1/2-1/2

[Event "Dortmund op-A"]
[Site "Dortmund"]
[Date "1992.??.??"]
[Round "4"]
[White "Stangl, Markus"]
[Black "Kishnev, Sergey"]
[Result "1/2-1/2"]
[WhiteElo "2465"]
[BlackElo "2540"]

1.Nf3 d5 2.c4 dxc4 3.e3 Be6 4.Na3 g6 5.Bxc4 Bxc4 6.Nxc4 Qd5 7.d3 f5 8.Qc2 Nf6
9.Nce5 Na6 10.O-O Bg7 11.Re1 Nd7 12.e4 fxe4 13.dxe4 Qc5 14.Qxc5 Naxc5 15.Nxd7 Kxd7
16.Re2  1/2-1/2

[Event "Dortmund op-A"]
[Site "Dortmund"]
[Date "1992.??.??"]
[Round "4"]
[White "Schirm, Friedmar"]
[Black "Skembris, Spyridon"]
[Result "0-1"]
[WhiteElo "2310"]
[BlackElo "2530"]

1.Nf3 d5 2.c4 e6 3.g3 c6 4.Bg2 Nd7 5.b3 Ngf6 6.Bb2 Bd6 7.O-O O-O 8.Nc3 Qe7
9.Qc2 dxc4 10.bxc4 e5 11.d3 Re8 12.Nd2 Nc5 13.Nde4 Nfxe4 14.Nxe4 Nxe4 15.Bxe4 Bh3
16.Rfd1 h5 17.Rab1 Rad8 18.Bc3 h4 19.Qa4 Rd7 20.Qxa7 Bc5 21.Qa5 f5 22.Bh1 b6
23.Rxb6 Ra7 24.Ra6 Rea8  0-1

[Event "Dortmund op-A"]
[Site "Dortmund"]
[Date "1992.??.??"]
[Round "8"]
[White "Unzicker, Wolfgang"]
[Black "Piskov, Yury"]
[Result "1/2-1/2"]
[WhiteElo "2450"]
[BlackElo "2500"]

1.Nf3 d5 2.c4 e6 3.d4 Nf6 4.Nc3 Bb4 5.cxd5 exd5 6.Bg5 Nbd7 7.e3 c5 8.Be2 Qa5
9.O-O Bxc3 10.bxc3 c4 11.Qc2 Ne4 12.Rfc1 Qa3 13.Bf4 Nb6 14.Ng5 Nxg5 15.Bxg5 O-O
16.Bf3 f5 17.Bf4 Bd7 18.Rab1 Bc6 19.Rb4 Nc8 20.Rcb1 Rf7 21.g4 fxg4 22.Bxg4 a5
23.Rb5 Nd6 24.Rb6 Re8 25.f3 g6 26.Qb2 Qxb2 27.R1xb2 Nf5 28.Bxf5 Rxf5 29.Rg2 Rxf4
30.exf4 Re1+ 31.Kf2 Rc1 32.f5 Kf7 33.Ke3 Rxc3+ 34.Kf4 Rd3 35.Ke5 Rxf3 36.fxg6+ hxg6
37.Rbb2 Re3+ 38.Kd6 Re6+ 39.Kc5 Re3 40.Rbf2+ Kg7 41.h4 Re6 42.h5 Kh6 43.hxg6 Rxg6
44.Rxg6+ Kxg6 45.Kb6 a4  1/2-1/2

[Event "Dubai Asian Cities"]
[Site "Dubai"]
[Date "1992.??.??"]
[Round "1"]
[White "Othman, A Moussa"]
[Black "Barua, Dibyendu"]
[Result "0-1"]
[WhiteElo "2235"]
[BlackElo "2550"]

1.Nf3 d5 2.c4 d4 3.Qc2 g6 4.e4 dxe3 5.dxe3 Bg7 6.Nc3 Nf6 7.Bd3 O-O 8.O-O c6
9.Rb1 a5 10.b3 Na6 11.a3 Nc5 12.Rd1 Qc7 13.Qe2 Ng4 14.Bd2 Nxd3 15.Qxd3 Ne5
16.Nxe5 Bxe5 17.h3 Bf5 18.e4 Rad8 19.Qf3 Be6 20.Bh6 Rxd1+ 21.Rxd1 Rd8 22.Rxd8+ Qxd8
23.Qd1 Qxd1+ 24.Nxd1 a4 25.bxa4 Bxc4 26.Bd2 Bb3 27.Nc3 Bd4 28.Kf1 e5 29.a5 f5
30.Ke1 Kf7 31.f4 exf4 32.exf5 gxf5 33.Ne2 Bb2 34.Bb4 Be5 35.Bd2 f3 36.gxf3 Ke6
37.f4 Bb2 38.Be3 Kd5 39.Bc1 Bxc1 40.Nxc1 Bc4 41.Kf2 Kd4 42.Kf3 c5 43.Kf2 Kc3
44.Ke3 Kc2 45.Ne2 Bxe2 46.Kxe2  0-1

[Event "Dubai Asian Cities"]
[Site "Dubai"]
[Date "1992.??.??"]
[Round "8"]
[White "Johansen, Darryl K"]
[Black "Barua, Dibyendu"]
[Result "1-0"]
[WhiteElo "2485"]
[BlackElo "2550"]

1.Nf3 d5 2.c4 d4 3.g3 g6 4.d3 Bg7 5.Bg2 h6 6.b4 e5 7.Nbd2 Ne7 8.O-O O-O 9.Nb3 g5
10.a4 Nd7 11.a5 Rb8 12.b5 Ng6 13.Ne1 Re8 14.Ba3 f5 15.Nc2 Nf6 16.Nb4 e4 17.a6 Ne5
18.Na5 Bf8 19.axb7 Bxb7 20.Nxb7 Rxb7 21.Qa4 Rb6 22.c5 Bxc5 23.Nc6 Qd6 24.Bxc5 Qxc5
25.Nxd4 Rd8 26.Qa2+ Qd5 27.Qxd5+ Rxd5 28.Nxf5 Rdxb5 29.dxe4 a5 30.Nxh6+ Kh7
31.Nf5 Ned7 32.Rfd1 Rc5 33.f4 gxf4 34.gxf4 Nf8 35.e5 Ng6 36.e3 Nxe5 37.fxe5 Rxe5
38.Rf1 Ng4 39.e4 Rb2 40.Rfc1 c5 41.Rxa5 Re6 42.Raxc5 Ne5 43.Rc7+ Kg6 44.Re7  1-0

[Event "Wch U18"]
[Site "Duisburg"]
[Date "1992.??.??"]
[Round "5"]
[White "Fancsy, Imre"]
[Black "Gabriel, Christian"]
[Result "1/2-1/2"]
[WhiteElo "2335"]
[BlackElo "2490"]

1.Nf3 d5 2.c4 e6 3.g3 Nf6 4.Bg2 dxc4 5.Qa4+ Nbd7 6.Qxc4 c5 7.d3 Bd6 8.O-O O-O
9.Qb3 Rb8 10.a4 b6 11.Nc3 a6 12.Ng5 Qe7 13.Nge4 Be5 14.Be3 Bb7 15.Nxf6+ Nxf6
16.Bxb7 Qxb7 17.a5 Ng4 18.axb6 Nxe3 19.fxe3 Qxb6 20.Qxb6 Rxb6 21.Na4  1/2-1/2

[Event "Wch U18"]
[Site "Duisburg"]
[Date "1992.??.??"]
[Round "6"]
[White "Theissen, Henning"]
[Black "Rublevsky, Sergei"]
[Result "1/2-1/2"]
[WhiteElo "2300"]
[BlackElo "2535"]

1.Nf3 d5 2.c4 dxc4 3.Na3 c5 4.g3 g6 5.Nxc4 Bg7 6.Bg2 Nc6 7.O-O Nf6 8.d3 Nd5
9.Bd2 O-O 10.Rc1 b6 11.Qc2 Bb7 12.Qb1 Rc8 13.Ne3 Qd7 14.Nxd5 Qxd5 15.Be3 Nd4
16.Bxd4 Bxd4 17.Nh4 Qd7 18.Bxb7 Qxb7 19.Nf3 Bf6 20.Rc4 a5 21.Rfc1 Rcd8 22.Qc2 Qd5
23.a3 Kg7 24.Re4 h5 25.h4 Rd6 26.b4 cxb4 27.axb4 Ra8 28.bxa5 Rxa5 29.Rb1 Ra2
30.Qb3 Ra1 31.Rb4 Rxb1+ 32.Qxb1 Qe6 33.Re4 Qd7 34.Rb4 Qe6 35.Re4 Qd7 36.Rb4  1/2-1/2